The monetary policy of the reserve bank of India (Record no. 434621)

000 -LEADER
fixed length control field 00432cam a22001337a 4500
008 - FIXED-LENGTH DATA ELEMENTS--GENERAL INFORMATION
fixed length control field 180718b1948 xxu||||| |||| 00| 0 eng d
082 ## - DEWEY DECIMAL CLASSIFICATION NUMBER
Classification number T421x54 R137
100 ## - MAIN ENTRY--PERSONAL NAME
Personal name Raj, K.N.
245 ## - TITLE STATEMENT
Title The monetary policy of the reserve bank of India
Statement of responsibility, etc. by K.N. Raj
260 ## - PUBLICATION, DISTRIBUTION, ETC.
Place of publication, distribution, etc. Bombay
Name of publisher, distributor, etc. National Information and Publications Ltd.
Date of publication, distribution, etc. 1948
300 ## - PHYSICAL DESCRIPTION
Extent iii, 177p.
650 ## - SUBJECT ADDED ENTRY--TOPICAL TERM
Topical term or geographic name entry element Banks and banking, Central --India.
650 ## - SUBJECT ADDED ENTRY--TOPICAL TERM
Topical term or geographic name entry element Reserve Bank of India
Holdings
Withdrawn status Lost status Damaged status Not for loan Permanent Location Current Location Date acquired Full call number Barcode Date last seen Price effective from Koha item type
        Indian Institute of Public Administration Indian Institute of Public Administration 2010-02-17 T421x54 R137 2724 2018-07-21 2018-07-21 Book

Powered by Koha